<?xml version="1.0" encoding="UTF-8"?>
<record
    xmlns:xsi="http://www.w3.org/2001/XMLSchema-instance"
    xsi:schemaLocation="http://www.loc.gov/MARC21/slim http://www.loc.gov/standards/marcxml/schema/MARC21slim.xsd"
    xmlns="http://www.loc.gov/MARC21/slim">

  <leader>01352nam2a2200277   4500</leader>
  <controlfield tag="001">RU\NLR\BIBL_A\011932695</controlfield>
  <controlfield tag="005">20190219155430.0</controlfield>
  <datafield tag="010" ind1=" " ind2=" ">
    <subfield code="a">978-5-907122-28-4</subfield>
  </datafield>
  <datafield tag="021" ind1=" " ind2=" ">
    <subfield code="a">RU</subfield>
    <subfield code="b">&#x41A;&#x41D;-&#x41F;-18-101532</subfield>
    <subfield code="9">&#x41A;&#x41D;-&#x41F;-18-7356</subfield>
  </datafield>
  <datafield tag="035" ind1=" " ind2=" ">
    <subfield code="a">(NLR Aleph) 011932695</subfield>
  </datafield>
  <datafield tag="035" ind1=" " ind2=" ">
    <subfield code="a">(RuMoRGB)009856968</subfield>
  </datafield>
  <datafield tag="090" ind1=" " ind2=" ">
    <subfield code="a">11046514</subfield>
    <subfield code="c">11046514</subfield>
  </datafield>
  <datafield tag="100" ind1=" " ind2=" ">
    <subfield code="a">20190208d2018    u  y0rusy50      ca</subfield>
  </datafield>
  <datafield tag="101" ind1="0" ind2=" ">
    <subfield code="a">rus</subfield>
  </datafield>
  <datafield tag="102" ind1=" " ind2=" ">
    <subfield code="a">RU</subfield>
  </datafield>
  <datafield tag="105" ind1=" " ind2=" ">
    <subfield code="a">y   z   000gy</subfield>
  </datafield>
  <datafield tag="200" ind1="1" ind2=" ">
    <subfield code="a">&#x414;&#x435;&#x43A;&#x430;&#x431;&#x440;&#x44C;</subfield>
    <subfield code="f">&#x441;&#x43E;&#x441;&#x442;&#x430;&#x432;&#x438;&#x442;&#x435;&#x43B;&#x44C;: &#x42D;&#x434;&#x443;&#x430;&#x440;&#x434; &#x41C;&#x430;&#x43B;&#x44B;&#x43A;&#x438;&#x43D;]</subfield>
  </datafield>
  <datafield tag="210" ind1=" " ind2=" ">
    <subfield code="d">2018</subfield>
  </datafield>
  <datafield tag="215" ind1=" " ind2=" ">
    <subfield code="a">160 &#x441;.</subfield>
  </datafield>
  <datafield tag="327" ind1="0" ind2=" ">
    <subfield code="a">&#x421;&#x43E;&#x434;&#x435;&#x440;&#x436;.: &#x430;&#x432;&#x442;.: &#x410;. &#x41A;&#x430;&#x43D;&#x430;&#x435;&#x432;&#x430;, &#x41B;. &#x41B;&#x430;&#x43D;&#x433;, &#x414;. &#x421;&#x43B;&#x43E;&#x431;&#x43E;&#x434;&#x438;&#x43D;, &#x418;. &#x41A;&#x443;&#x437;&#x43D;&#x435;&#x446;&#x43E;&#x432;&#x430;, &#x410;. &#x41A;&#x43E;&#x43B;&#x435;&#x441;&#x43D;&#x438;&#x43A;&#x43E;&#x432;, &#x422;. &#x417;&#x430;&#x433;&#x432;&#x43E;&#x437;&#x434;&#x43A;&#x438;&#x43D;&#x430;, &#x41E;. &#x426;&#x430;&#x440;&#x435;&#x433;&#x43E;&#x440;&#x43E;&#x434;&#x446;&#x435;&#x432;&#x430;, &#x418;. &#x411;&#x443;&#x434;&#x43D;&#x438;&#x43A;, &#x420;. &#x427;&#x435;&#x445;&#x43E;&#x432;&#x430;, &#x412;. &#x41A;&#x435;&#x43B;&#x44F; [&#x438; &#x434;&#x440;.]</subfield>
  </datafield>
  <datafield tag="461" ind1=" " ind2="0">
    <subfield code="1">001RU\NLR\BIBL_A\011779769</subfield>
    <subfield code="1">2001#$a&#x410;&#x432;&#x442;&#x43E;&#x440;&#x44B; XXI &#x432;&#x435;&#x43A;&#x430;$e[&#x43F;&#x440;&#x43E;&#x437;&#x430; &#x438; &#x441;&#x442;&#x438;&#x445;&#x438;$e&#x441;&#x431;&#x43E;&#x440;&#x43D;&#x438;&#x43A;$f&#x441;&#x43E;&#x441;&#x442;&#x430;&#x432;&#x438;&#x442;&#x435;&#x43B;&#x44C;: &#x42F;&#x43D;&#x430; &#x41C;&#x430;&#x43B;&#x44B;&#x43A;&#x438;&#x43D;&#x430;]$v[2018</subfield>
    <subfield code="9">11770231</subfield>
    <subfield code="c">[&#x411;. &#x43C;.]</subfield>
    <subfield code="d">2018</subfield>
    <subfield code="f">&#x441;&#x43E;&#x441;&#x442;&#x430;&#x432;&#x438;&#x442;&#x435;&#x43B;&#x44C;: &#x42F;&#x43D;&#x430; &#x41C;&#x430;&#x43B;&#x44B;&#x43A;&#x438;&#x43D;&#x430;]</subfield>
    <subfield code="n">&#x418;&#x437;&#x434;&#x430;&#x442;&#x435;&#x43B;&#x44C;&#x441;&#x43A;&#x438;&#x439; &#x43F;&#x440;&#x43E;&#x435;&#x43A;&#x442; &#x41B;&#x438;&#x442;&#x41A;&#x443;&#x43B;&#x44C;&#x442;&#x430;</subfield>
    <subfield code="o">[&#x43F;&#x440;&#x43E;&#x437;&#x430; &#x438; &#x441;&#x442;&#x438;&#x445;&#x438; : &#x441;&#x431;&#x43E;&#x440;&#x43D;&#x438;&#x43A;</subfield>
    <subfield code="t">&#x410;&#x432;&#x442;&#x43E;&#x440;&#x44B; XXI &#x432;&#x435;&#x43A;&#x430;</subfield>
    <subfield code="v">[2018</subfield>
  </datafield>
  <datafield tag="852" ind1=" " ind2=" ">
    <subfield code="a">NLR</subfield>
    <subfield code="j">2018-3/18293</subfield>
  </datafield>
  <datafield tag="942" ind1=" " ind2=" ">
    <subfield code="c">BOOK</subfield>
  </datafield>
  <datafield tag="980" ind1=" " ind2=" ">
    <subfield code="a">NB</subfield>
  </datafield>
  <datafield tag="995" ind1=" " ind2=" ">
    <subfield code="5">2019-02-08</subfield>
    <subfield code="a">ad</subfield>
    <subfield code="b">NLR01</subfield>
    <subfield code="c">NLR01</subfield>
    <subfield code="e">RF31</subfield>
    <subfield code="f">1-2608530</subfield>
    <subfield code="k">2018-3/18293</subfield>
    <subfield code="o">0</subfield>
    <subfield code="r">BOOK</subfield>
    <subfield code="s">2018318293_</subfield>
  </datafield>
  <datafield tag="995" ind1=" " ind2=" ">
    <subfield code="5">2019-02-08</subfield>
    <subfield code="a">ad</subfield>
    <subfield code="b">NLR01</subfield>
    <subfield code="c">NLR01</subfield>
    <subfield code="e">RF31</subfield>
    <subfield code="f">1-2608529</subfield>
    <subfield code="k">2018-3/18293</subfield>
    <subfield code="o">0</subfield>
    <subfield code="r">BOOK</subfield>
    <subfield code="s">2018318293_</subfield>
  </datafield>
</record>
